|
|
|
|
| LEADER |
00934cam a2200265 7i4500 |
| 001 |
0000042436 |
| 005 |
20170222090000.0 |
| 020 |
|
|
|a 1555707475
|
| 020 |
|
|
|a 9781555707477 (pbk.)
|
| 020 |
|
|
|a 1555707483
|
| 020 |
|
|
|a 9781555707484
|
| 090 |
0 |
0 |
|a Z701
|b .L32 2011
|
| 100 |
1 |
|
|a Lavender, Kenneth
|
| 245 |
1 |
0 |
|a Book repair :
|b a how-to-do-it manual
|c Kenneth Lavender ; revised by Artemis BonaDea.
|
| 250 |
|
|
|a 2nd ed. rev.
|
| 260 |
|
|
|a New York:
|b Neal-Schuman Publishers,
|c 2011.
|
| 300 |
|
|
|a xiv, 265 p.:
|b ill.;
|c 28 cm.
|
| 490 |
1 |
|
|a How-to-do-it manuals;
|v no. 178
|
| 650 |
0 |
0 |
|a Books --
|x Conservation and restoration
|
| 650 |
0 |
0 |
|a Bookbinding --
|x Repairing
|
| 700 |
1 |
|
|a BonaDea, Artemis
|
| 997 |
|
|
|a Communication, Visual Art & Computing, Faculty
|b Communication, Department
|
| 998 |
|
|
|a Library Science, Degree
|
| 998 |
|
|
|a Library Science, Diploma
|
| 999 |
|
|
|a 0000055702
|b BOK
|c OPEN SHELF
|e 2nd Floor, Bestari Jaya
|